[Event "NCA-ch sf"]
[Site "Managua"]
[Date "2020.02.16"]
[Round "5"]
[White "Davila, Carlos"]
[Black "Medrano, Randall"]
[Result "1/2-1/2"]
[WhiteElo "2223"]
[BlackElo "2051"]
[PlyCount "60"]
[EventDate "2020.02.08"]
[EventType "swiss"]
[EventRounds "9"]
[EventCountry "NCA"]
[SourceTitle "EXT 2021"]
[Source "ChessBase"]
[SourceDate "2020.10.23"]
[SourceVersion "1"]
[SourceVersionDate "2020.10.23"]
[SourceQuality "1"]

1. d4 Nf6 2. c4 e6 3. Nf3 Bb4+ 4. Bd2 Qe7 5. g3 Nc6 6. Nc3 Bxc3 7. Bxc3 Ne4 8. Rc1 Nxc3 9. Rxc3 0-0 10. Bg2 d6 11. 0-0 e5 12. d5 Nb8 13. e4 Bg4 14. Qd2 Bxf3 15. Bxf3 Nd7 16. b4 a5 17. a3 axb4 18. axb4 Ra4 19. Rb1 Rfa8 20. Kg2 Ra2 21. Rb2 Rxb2 22. Qxb2 b6 23. Ra3 Qd8 24. Bd1 Nf6 25. f3 g6 26. Rc3 Qb8 27. Rc2 Qa7 28. Be2 Kg7 29. c5 bxc5 30. bxc5 Rb8 1/2-1/2

[Event "NCA-ch sf"]
[Site "Managua"]
[Date "2018.02.10"]
[Round "1"]
[White "Avalos, Carlos"]
[Black "Medrano, Randall"]
[Result "1-0"]
[WhiteElo "1838"]
[BlackElo "2071"]
[PlyCount "97"]
[EventDate "2018.02.10"]
[EventType "swiss"]
[EventRounds "9"]
[EventCountry "NCA"]
[SourceTitle "CBM 183 Extra"]
[Source "ChessBase"]
[SourceDate "2018.04.19"]
[SourceVersion "1"]
[SourceVersionDate "2018.04.19"]
[SourceQuality "1"]

1. d4 c5 2. c3 Nf6 3. Nf3 e6 4. Bf4 Nc6 5. e3 Nh5 6. Bg5 Qb6 7. Qb3 Qxb3 8. axb3 h6 9. Bh4 g5 10. Bg3 Nxg3 11. hxg3 d5 12. Nxg5 Bd7 13. Na3 Rc8 14. Nf3 a6 15. dxc5 Bxc5 16. b4 Be7 17. b5 axb5 18. Bxb5 Kf8 19. Ke2 Kg7 20. Nc2 Bf6 21. Nb4 Nxb4 22. Bxd7 Rc7 23. Bb5 Nc6 24. Ra4 Ne5 25. Nxe5 Bxe5 26. Rg4+ Kf8 27. Rgh4 Rc5 28. Bd3 Ra5 29. Rb4 Ra7 30. e4 dxe4 31. Bxe4 Ke7 32. Rh5 f5 33. Bf3 Bg7 34. g4 fxg4 35. Rxg4 Kf7 36. Rb4 Ke7 37. Rhb5 Rb8 38. Rxb7+ Raxb7 39. Rxb7+ Rxb7 40. Bxb7 Kd6 41. Kd3 h5 42. g3 Bf6 43. b4 h4 44. c4 h3 45. c5+ Kc7 46. Bh1 h2 47. b5 Bd8 48. b6+ Kb8 49. Kc4 1-0

[Event "NCA-ch op"]
[Site "Managua"]
[Date "2017.09.10"]
[Round "6"]
[White "Medrano, Randall"]
[Black "Espinoza, Felix"]
[Result "1/2-1/2"]
[WhiteElo "2065"]
[BlackElo "2191"]
[PlyCount "84"]
[EventDate "2017.09.02"]
[EventType "swiss"]
[EventRounds "9"]
[EventCountry "NCA"]
[SourceTitle "EXT 2018"]
[Source "ChessBase"]
[SourceDate "2017.10.13"]
[SourceVersion "1"]
[SourceVersionDate "2017.10.13"]
[SourceQuality "1"]

1. d4 Nf6 2. Nf3 g6 3. c4 Bg7 4. Nc3 d6 5. e4 0-0 6. Be2 e5 7. 0-0 Nc6 8. d5 Ne7 9. b4 Nh5 10. Re1 Nf4 11. Bf1 a5 12. Ba3 axb4 13. Bxb4 b6 14. a4 Qd7 15. Kh1 h6 16. a5 bxa5 17. Rxa5 Rxa5 18. Bxa5 c6 19. dxc6 Nxc6 20. Bb6 Qb7 21. Be3 Bg4 22. Bxf4 exf4 23. Nb5 Rd8 24. h3 Bh5 25. Qd3 g5 26. Nd2 Qb6 27. Kg1 Nd4 28. Nb3 Nxb3 29. Qxb3 Be5 30. Qd3 Qc5 31. Be2 Bxe2 32. Qxe2 Ra8 33. Qc2 Rc8 34. Rc1 f3 35. gxf3 Bf4 36. Rb1 Qxc4 37. Qxc4 Rxc4 38. Rd1 Rc6 39. Nd4 Rb6 40. Nf5 Kh7 41. Rd5 Ra6 42. Kg2 Kg6 1/2-1/2

[Event "NCA-ch op"]
[Site "Managua"]
[Date "2017.09.09"]
[Round "4"]
[White "Medrano, Randall"]
[Black "Sanchez, Steven"]
[Result "1/2-1/2"]
[WhiteElo "2065"]
[BlackElo "2018"]
[PlyCount "122"]
[EventDate "2017.09.02"]
[EventType "swiss"]
[EventRounds "9"]
[EventCountry "NCA"]
[SourceTitle "EXT 2018"]
[Source "ChessBase"]
[SourceDate "2017.10.13"]
[SourceVersion "1"]
[SourceVersionDate "2017.10.13"]
[SourceQuality "1"]

1. e4 c5 2. Nf3 e6 3. Nc3 Nc6 4. d4 cxd4 5. Nxd4 Nf6 6. a3 d6 7. Be3 Be7 8. f4 0-0 9. Qf3 a6 10. 0-0-0 Qc7 11. g4 Nxd4 12. Bxd4 e5 13. fxe5 dxe5 14. Qg3 Bd6 15. Bf2 Be6 16. g5 Nd7 17. Bh3 Bxh3 18. Qxh3 Nc5 19. Rhg1 Qc6 20. Nd5 Nxe4 21. Nf6+ gxf6 22. gxf6+ Kh8 23. Qh6 Rg8 24. Rg7 Nxf6 25. Rxd6 Qf3 26. Rxg8+ Nxg8 27. Qh4 Rc8 28. Bg3 Qf5 29. Qa4 Nf6 30. Kb1 Ne4 31. Rd5 f6 32. Qd7 Nxg3 33. hxg3 Qxc2+ 34. Ka1 Qc1+ 35. Ka2 Qc6 36. Qf7 b5 37. g4 a5 38. g5 fxg5 39. Rxe5 Qc4+ 40. Qxc4 bxc4 41. Rxg5 h6 42. Rxa5 Kg7 43. Rd5 Rc6 44. a4 Kg6 45. a5 h5 46. Ka3 h4 47. Ka4 h3 48. Rd2 Kh5 49. Kb5 Rc8 50. a6 Kh4 51. a7 Kg3 52. Kb6 h2 53. Rxh2 Kxh2 54. Kb7 Re8 55. a8Q Rxa8 56. Kxa8 Kg2 57. Kb7 Kf3 58. Kc6 Ke3 59. Kc5 Kd3 60. Kd5 Kc2 61. Kxc4 Kxb2 1/2-1/2

[Event "NCA-ch op"]
[Site "Managua"]
[Date "2017.09.03"]
[Round "2"]
[White "Medrano, Randall"]
[Black "Lopez Saavedra, Javier Eduardo"]
[Result "1-0"]
[WhiteElo "2065"]
[BlackElo "1672"]
[PlyCount "53"]
[EventDate "2017.09.02"]
[EventType "swiss"]
[EventRounds "9"]
[EventCountry "NCA"]
[SourceTitle "EXT 2018"]
[Source "ChessBase"]
[SourceDate "2017.10.13"]
[SourceVersion "1"]
[SourceVersionDate "2017.10.13"]
[SourceQuality "1"]

1. e4 e5 2. Nf3 Nc6 3. Bc4 Nf6 4. Ng5 d5 5. exd5 Na5 6. Bb5+ c6 7. dxc6 bxc6 8. Bd3 Be7 9. 0-0 0-0 10. Re1 Qc7 11. b3 Nb7 12. Bb2 Ng4 13. Nf3 Bc5 14. Re2 Re8 15. Nc3 f5 16. h3 Nf6 17. Bc4+ Kf8 18. d4 exd4 19. Rxe8+ Nxe8 20. Nxd4 Ned6 21. Bf1 Nf7 22. Na4 Bd6 23. Qh5 Nh6 24. Re1 Bd7 25. Bc4 Qc8 26. Bc1 Be8 27. Qxh6 1-0

[Event "NCA-ch op"]
[Site "Managua"]
[Date "2017.09.03"]
[Round "3"]
[White "Ortiz, Marcos"]
[Black "Medrano, Randall"]
[Result "1-0"]
[WhiteElo "2232"]
[BlackElo "2065"]
[PlyCount "117"]
[EventDate "2017.09.02"]
[EventType "swiss"]
[EventRounds "9"]
[EventCountry "NCA"]
[SourceTitle "EXT 2018"]
[Source "ChessBase"]
[SourceDate "2017.10.13"]
[SourceVersion "1"]
[SourceVersionDate "2017.10.13"]
[SourceQuality "1"]

1. e4 e6 2. d4 d5 3. Nc3 dxe4 4. Nxe4 Nd7 5. Nf3 Ngf6 6. Bg5 Be7 7. Nxf6+ Bxf6 8. h4 h6 9. Bxf6 Qxf6 10. Qd2 0-0 11. 0-0-0 e5 12. dxe5 Nxe5 13. Nxe5 Qxe5 14. Qd4 Qxd4 15. Rxd4 Be6 16. Be2 Rfd8 17. Rhd1 Rxd4 18. Rxd4 c5 19. Rd6 Kf8 20. Bf3 Rb8 21. Rd3 b6 22. Kd2 Ke7 23. Ke3 Rc8 24. Bd5 h5 25. c4 g6 26. Bxe6 Kxe6 27. Kf4 f6 28. f3 Rh8 29. Rd5 Ke7 30. Rd3 Rh7 31. Ke4 Rh8 32. Ra3 a5 33. Kd5 Rd8+ 34. Kc6 Rd6+ 35. Kb5 Rd2 36. Kxb6 Rxb2+ 37. Kxc5 Rxg2 38. Rxa5 g5 39. Kd4 gxh4 40. Rxh5 Rxa2 41. Rxh4 Ra5 42. Re4+ Kd7 43. c5 Ra1 44. Kd5 Rd1+ 45. Rd4 Rc1 46. f4 Rc2 47. Ke4+ Ke7 48. Kd5 Kd7 49. Rc4 Rd2+ 50. Ke4 Ke6 51. f5+ Ke7 52. c6 Rd8 53. c7 Rc8 54. Kd5 Kd7 55. Rc5 Ke7 56. Kc6 Rg8 57. Rd5 Rc8 58. Rd7+ Ke8 59. Rh7 1-0

[Event "NCA-ch final"]
[Site "Managua"]
[Date "2016.04.16"]
[Round "7"]
[White "Medrano, Randall"]
[Black "Jimenez Martinez, Alexander"]
[Result "1/2-1/2"]
[WhiteElo "2113"]
[BlackElo "2056"]
[PlyCount "67"]
[EventDate "2016.04.02"]
[EventType "tourn"]
[EventRounds "11"]
[EventCountry "NCA"]
[SourceTitle "EXT 2018"]
[Source "ChessBase"]
[SourceDate "2017.10.13"]
[SourceVersion "1"]
[SourceVersionDate "2017.10.13"]
[SourceQuality "1"]

1. e4 c5 2. Nf3 d6 3. d4 cxd4 4. Qxd4 Nc6 5. Bb5 Bd7 6. Bxc6 Bxc6 7. Nc3 Nf6 8. Bg5 e6 9. 0-0-0 Be7 10. Kb1 Qa5 11. Qd3 0-0-0 12. Bd2 Qc5 13. Be3 Qa5 14. Nd4 Ng4 15. Nb3 Qa6 16. Qxa6 bxa6 17. Bxa7 Bf6 18. h3 Bxc3 19. hxg4 Bf6 20. Rhe1 h5 21. gxh5 Rxh5 22. f3 Be5 23. Bd4 Bg3 24. Rh1 Rdh8 25. Rxh5 Rxh5 26. Bxg7 Rh2 27. Bd4 Rxg2 28. Rg1 Rxg1+ 29. Bxg1 d5 30. Nc5 dxe4 31. Nxe4 Bh4 32. c4 f6 33. Nc5 Bxf3 34. Nxe6 1/2-1/2

[Event "NCA-ch final"]
[Site "Managua"]
[Date "2016.04.03"]
[Round "3"]
[White "Medrano, Randall"]
[Black "Bravo, William"]
[Result "1/2-1/2"]
[WhiteElo "2113"]
[BlackElo "2200"]
[PlyCount "61"]
[EventDate "2016.04.02"]
[EventType "tourn"]
[EventRounds "11"]
[EventCountry "NCA"]
[SourceTitle "EXT 2018"]
[Source "ChessBase"]
[SourceDate "2017.10.13"]
[SourceVersion "1"]
[SourceVersionDate "2017.10.13"]
[SourceQuality "1"]

1. e4 e5 2. Nf3 Nc6 3. Bb5 a6 4. Ba4 Nf6 5. 0-0 Be7 6. Bxc6 dxc6 7. d3 Nd7 8. Nbd2 0-0 9. b3 Re8 10. Bb2 f6 11. Nh4 Nf8 12. Nf5 Ng6 13. h4 Bc5 14. h5 Bxf5 15. exf5 Nf4 16. Ne4 Bd4 17. Bxd4 Qxd4 18. Qg4 Kh8 19. Rfe1 h6 20. c3 Qb6 21. d4 Qa5 22. c4 Rad8 23. Kh1 Kh7 24. Kh2 Kh8 25. Kh1 Rxd4 26. g3 Nd3 27. Qg6 Rxe4 28. Qxe8+ Kh7 29. Qg6+ Kg8 30. Qe8+ Kh7 31. Qg6+ 1/2-1/2

[Event "NCA-ch final"]
[Site "Managua"]
[Date "2016.04.02"]
[Round "1"]
[White "Medrano, Randall"]
[Black "Guevara, Martin"]
[Result "1/2-1/2"]
[WhiteElo "2113"]
[BlackElo "2205"]
[PlyCount "45"]
[EventDate "2016.04.02"]
[EventType "tourn"]
[EventRounds "11"]
[EventCountry "NCA"]
[SourceTitle "EXT 2018"]
[Source "ChessBase"]
[SourceDate "2017.10.13"]
[SourceVersion "1"]
[SourceVersionDate "2017.10.13"]
[SourceQuality "1"]

1. Nf3 Nf6 2. c4 c5 3. g3 Nc6 4. Bg2 e5 5. d3 d5 6. cxd5 Nxd5 7. Nc3 Nc7 8. 0-0 Be7 9. Nd2 Nd4 10. Nc4 f6 11. a3 0-0 12. Rb1 Rb8 13. b4 cxb4 14. axb4 Bg4 15. h3 Be6 16. e3 Ndb5 17. Nxb5 Nxb5 18. Qb3 Qd7 19. Bb2 Nd6 20. Qa3 Nb5 21. Qb3 Nd6 22. Qa3 Nb5 23. Qb3 1/2-1/2

[Event "Managua Sub zt 2.3"]
[Site "Managua"]
[Date "2014.05.02"]
[Round "9"]
[White "Arias, Daniel1111"]
[Black "Medrano, Randall"]
[Result "0-1"]
[WhiteElo "2202"]
[BlackElo "2038"]
[PlyCount "62"]
[EventDate "2014.04.27"]
[EventType "swiss"]
[EventRounds "9"]
[EventCountry "NCA"]
[SourceTitle "EXT 2015"]
[Source "ChessBase"]
[SourceDate "2014.11.20"]
[SourceVersion "1"]
[SourceVersionDate "2014.11.20"]
[SourceQuality "1"]

1. e4 e5 2. Nf3 Nc6 3. Bb5 a6 4. Ba4 Nf6 5. d3 b5 6. Bb3 Be7 7. 0-0 d6 8. a4 b4 9. Re1 0-0 10. Nbd2 Be6 11. h3 Qc8 12. c3 Rb8 13. d4 Bxb3 14. Nxb3 Qb7 15. Nbd2 Rfe8 16. Nf1 bxc3 17. bxc3 exd4 18. cxd4 d5 19. exd5 Nxd5 20. Ba3 Bxa3 21. Rxa3 Rxe1 22. Qxe1 Qb4 23. Qxb4 Rxb4 24. Rd3 Rxa4 25. Ne3 Nxe3 26. Rxe3 Kf8 27. d5 Ne7 28. Re5 Ra1+ 29. Kh2 Rd1 30. Ng5 h6 31. Nh7+ Ke8 0-1

[Event "Managua Sub zt 2.3"]
[Site "Managua"]
[Date "2014.05.01"]
[Round "7"]
[White "Garcia Fuentes, Sergio Miguel"]
[Black "Medrano, Randall"]
[Result "1/2-1/2"]
[WhiteElo "2176"]
[BlackElo "2038"]
[PlyCount "61"]
[EventDate "2014.04.27"]
[EventType "swiss"]
[EventRounds "9"]
[EventCountry "NCA"]
[SourceTitle "EXT 2015"]
[Source "ChessBase"]
[SourceDate "2014.11.20"]
[SourceVersion "1"]
[SourceVersionDate "2014.11.20"]
[SourceQuality "1"]

1. e4 e5 2. Nf3 Nc6 3. Bb5 a6 4. Bxc6 dxc6 5. 0-0 Bg4 6. h3 Bxf3 7. Qxf3 Qf6 8. Qxf6 Nxf6 9. d3 Nd7 10. Nd2 f6 11. Nc4 Bd6 12. Na5 0-0-0 13. Bd2 Nf8 14. f4 exf4 15. Bxf4 Ne6 16. Be3 c5 17. Nc4 Nd4 18. Nxd6+ Rxd6 19. Rf2 b6 20. Kf1 Re8 21. a3 c4 22. Rd1 cxd3 23. cxd3 c5 24. b4 cxb4 25. axb4 Kb7 26. Rc1 Rc8 27. e5 Rxc1+ 28. Bxc1 Rc6 29. Bb2 fxe5 30. Bxd4 exd4 31. Rf7+ 1/2-1/2

[Event "Managua Sub zt 2.3"]
[Site "Managua"]
[Date "2014.05.01"]
[Round "6"]
[White "Medrano, Randall"]
[Black "Ramos Espinoza, Efren Andres"]
[Result "1/2-1/2"]
[WhiteElo "2038"]
[BlackElo "2241"]
[PlyCount "83"]
[EventDate "2014.04.27"]
[EventType "swiss"]
[EventRounds "9"]
[EventCountry "NCA"]
[SourceTitle "EXT 2015"]
[Source "ChessBase"]
[SourceDate "2014.11.20"]
[SourceVersion "1"]
[SourceVersionDate "2014.11.20"]
[SourceQuality "1"]

1. e4 c6 2. d4 d5 3. exd5 cxd5 4. Bd3 Nc6 5. c3 Qc7 6. h3 Nf6 7. Nf3 e6 8. 0-0 Bd6 9. Re1 Bf4 10. Bxf4 Qxf4 11. Nbd2 0-0 12. Qe2 Bd7 13. Ne5 Rfc8 14. Ndf3 Be8 15. g3 Qh6 16. Kg2 g6 17. Ng4 Qg7 18. Nfe5 Nd7 19. f4 f5 20. Nxd7 Bxd7 21. Ne5 Nxe5 22. Qxe5 Qxe5 23. Rxe5 b5 24. Ree1 a5 25. Rac1 Rab8 26. Kf2 Kf7 27. h4 Rc7 28. Ke2 Rbc8 29. Kd2 h6 30. Rh1 Kf6 31. a3 Rb8 32. Rhe1 Rcc8 33. Rc2 g5 34. hxg5+ hxg5 35. Rcc1 Rh8 36. Rh1 a4 37. Rcg1 Rbg8 38. Bf1 Be8 39. Ke3 gxf4+ 40. gxf4 Rxh1 41. Rxh1 Rg3+ 42. Kf2 1/2-1/2

[Event "Managua Sub zt 2.3"]
[Site "Managua"]
[Date "2014.04.28"]
[Round "3"]
[White "Solorzano, Andres"]
[Black "Medrano, Randall"]
[Result "0-1"]
[WhiteElo "1916"]
[BlackElo "2038"]
[PlyCount "68"]
[EventDate "2014.04.27"]
[EventType "swiss"]
[EventRounds "9"]
[EventCountry "NCA"]
[SourceTitle "EXT 2015"]
[Source "ChessBase"]
[SourceDate "2014.11.20"]
[SourceVersion "1"]
[SourceVersionDate "2014.11.20"]
[SourceQuality "1"]

1. d4 Nf6 2. c4 e6 3. Nc3 d5 4. Nf3 Be7 5. e3 0-0 6. Bd3 dxc4 7. Bxc4 a6 8. a4 c5 9. 0-0 Nc6 10. dxc5 Bxc5 11. Qe2 e5 12. Rd1 Qe7 13. b3 e4 14. Nd4 Qe5 15. Nxc6 bxc6 16. Qf1 h5 17. Ne2 Bd6 18. g3 h4 19. Bd2 hxg3 20. fxg3 Qh5 21. Bc3 Bh3 22. Qe1 Bc7 23. Bxf6 gxf6 24. Qf2 Qg5 25. Nf4 Bg4 26. Rd4 Bf3 27. Be2 Be5 28. Bxf3 Bxd4 29. Bxe4 Be5 30. Kg2 Rab8 31. Nd3 c5 32. Ra2 c4 33. Nxe5 fxe5 34. Ra3 Kg7 0-1

[Event "NCA-chT Primera Division"]
[Site "Managua"]
[Date "2012.02.17"]
[Round "2.13"]
[White "Ampie, Mauro"]
[Black "Medrano, Randall"]
[Result "1-0"]
[WhiteElo "1880"]
[BlackElo "1991"]
[PlyCount "101"]
[EventDate "2012.02.17"]
[EventType "swiss"]
[EventRounds "9"]
[EventCountry "NCA"]
[SourceTitle "EXT 2024"]
[Source "ChessBase"]
[SourceDate "2023.10.10"]
[SourceVersion "1"]
[SourceVersionDate "2023.10.10"]
[SourceQuality "1"]

1. e4 e5 2. Nf3 Nc6 3. d4 exd4 4. Bc4 Nf6 5. e5 d5 6. Bb5 Ne4 7. Nxd4 Bd7 8. Bxc6 bxc6 9. 0-0 Be7 10. f3 Ng5 11. f4 Ne4 12. Nc3 Nxc3 13. bxc3 c5 14. Nb3 c4 15. Nd4 c5 16. Ne2 Bc6 17. Be3 Qa5 18. f5 0-0-0 19. Qc1 Rhf8 20. a4 f6 21. e6 Rg8 22. Bf4 Bd6 23. Bxd6 Rxd6 24. Qf4 Rdd8 25. Ng3 Qxc3 26. Rab1 Qd4+ 27. Qxd4 cxd4 28. Rfd1 Bxa4 29. Rxd4 Bxc2 30. Rc1 Bb3 31. Nh5 Kc7 32. Ra1 Kb6 33. Rg4 d4 34. Rxg7 d3 35. e7 d2 36. Kf2 d1Q 37. Rxd1 Bxd1 38. Rxg8 Rxg8 39. Nxf6 Rc8 40. e8Q Rxe8 41. Nxe8 Bh5 42. Nf6 Bf7 43. Nxh7 a5 44. Ng5 a4 45. Ne4 a3 46. Nc3 Kc5 47. Ke3 Kb4 48. Kd4 Kb3 49. g4 a2 50. Nxa2 Kxa2 51. Kc3 1-0

[Event "Managua Hurtado Memorial"]
[Site "Managua"]
[Date "2010.12.28"]
[Round "4"]
[White "Medrano, Randall"]
[Black "Garcia, Antonio Manuel Cost"]
[Result "1-0"]
[WhiteElo "1884"]
[BlackElo "1987"]
[PlyCount "105"]
[EventDate "2010.12.26"]
[EventType "swiss"]
[EventRounds "9"]
[EventCountry "NCA"]
[SourceTitle "EXT 2024"]
[Source "ChessBase"]
[SourceDate "2023.10.10"]
[SourceVersion "1"]
[SourceVersionDate "2023.10.10"]
[SourceQuality "1"]

1. e4 c5 2. Nf3 d6 3. d4 cxd4 4. Nxd4 Nf6 5. Nc3 a6 6. Bc4 e6 7. Bb3 Be7 8. Be3 Qc7 9. f3 Nc6 10. Qd2 Bd7 11. 0-0-0 Na5 12. g4 Nxb3+ 13. axb3 b5 14. Nde2 e5 15. g5 b4 16. gxf6 bxc3 17. Nxc3 gxf6 18. Nd5 Qc6 19. Bh6 Rg8 20. Rhg1 Rg6 21. Bg7 Be6 22. Rxg6 fxg6 23. Bxf6 Bf8 24. Qc3 Rc8 25. Qxc6+ Rxc6 26. Bg5 Bxd5 27. Rxd5 Kd7 28. c4 Kc7 29. Kc2 Rc5 30. Kc3 h6 31. Be3 Rxd5 32. exd5 Bg7 33. Kb4 g5 34. Ka5 Kb7 35. b4 e4 36. fxe4 Bxb2 37. Bd2 Be5 38. h3 Bf4 39. Be1 h5 40. Bf2 g4 41. hxg4 hxg4 42. Bg1 g3 43. c5 dxc5 44. bxc5 Bd2+ 45. Ka4 Be1 46. Be3 Bf2 47. c6+ Kc8 48. Bg5 g2 49. d6 Bb6 50. d7+ Kb8 51. Bf4+ Ka7 52. Be3 Bxe3 53. d8Q 1-0